Gólgota y el Santo Sepulcro / (Record no. 176435)

MARC details
000 -LEADER
campo de control de longitud fija 00907nam a22002535i 4500
001 - NÚMERO DE CONTROL
campo de control 176435
003 - IDENTIFICADOR DE NÚMERO DE CONTROL
campo de control ES-MaACL
005 - FECHA Y HORA DE LA ÚLTIMA TRANSACCIÓN
campo de control 20250809151249.0
008 - DATOS DE LONGITUD FIJA--INFORMACIÓN GENERAL
campo de control de longitud fija 110117s1963 sp af |||| | spa d
080 ## - NÚMERO DE LA CLASIFICACIÓN DECIMAL UNIVERSAL
Número de la Clasificación Decimal Universal 726.54(569.4)
100 0# - ENTRADA PRINCIPAL--NOMBRE DE PERSONA
Nombre de persona Parrot, André.
9 (RLIN) 89273
245 10 - MENCIÓN DEL TÍTULO
Título Gólgota y el Santo Sepulcro /
Mención de responsabilidad, etc. André Parrot ; traducción de Sebastián Bartina.
260 ## - PUBLICACIÓN, DISTRIBUCIÓN, ETC.
Lugar de publicación, distribución, etc. Barcelona :
Nombre del editor, distribuidor, etc. Garriga,
Fecha de publicación, distribución, etc. D. L. 1963.
300 ## - DESCRIPCIÓN FÍSICA
Extensión 106, [8] p. de lám. bl. y n. :
Otras características físicas il. bl. y n. ;
Dimensiones 21 cm.
490 1# - MENCIÓN DE SERIE
Mención de serie Cuadernos de Arqueología Bíblica ;
Designación de volumen o secuencia 6
500 ## - NOTA GENERAL
Nota general Índices.
504 ## - NOTA DE BIBLIOGRAFÍA, ETC.
Nota de bibliografía, etc. Bibliografía: p. 97-99.
610 04 - PUNTO DE ACCESO ADICIONAL DE MATERIA--NOMBRE DE ENTIDAD CORPORATIVA
Nombre de entidad corporativa o nombre de jurisdicción como elemento de entrada Basílica del Santo Sepulcro (Jerusalén)
9 (RLIN) 144771
650 #7 - PUNTO DE ACCESO ADICIONAL DE MATERIA--TÉRMINO DE MATERIA
Término de materia o nombre geográfico como elemento de entrada Arqueología bíblica
Fuente del encabezamiento o término embne
9 (RLIN) 9981
700 1# - ENTRADA AGREGADA--NOMBRE PERSONAL
Nombre de persona Bartina, Sebastián.
9 (RLIN) 26136
830 0# - PUNTO DE ACCESO ADICIONAL DE SERIE-TÍTULO UNIFORME
Título uniforme Cuadernos de Arqueología Bíblica ;
Designación de volumen o secuencia 6
9 (RLIN) 190046
852 ## - LOCALIZACIÓN
Ubicación ES-MaACL
Número de control de estantería E-14062
Encuadernación Olim P-379-bis
Holdings
Estatus retirado Estado de pérdida Estado de daño No para préstamo Biblioteca de origen Biblioteca actual Ubicación en estantería Fecha de adquisición Fuente de adquisición Total de préstamos Signatura topográfica completa Código de barras Visto por última vez Precio de reemplazo Tipo de ítem Koha
        Biblioteca del Ateneo de Madrid Biblioteca del Ateneo de Madrid Depósito 2 17/01/2011     E-14062 1185294 23/02/2023 23/02/2023 Libro impreso